Building sustainable urban settlements (Record no. 103953)
[ view plain ]
| 000 -LEADER | |
|---|---|
| fixed length control field | 01564cam a2200337 4500 |
| 008 - FIXED-LENGTH DATA ELEMENTS--GENERAL INFORMATION | |
| fixed length control field | 050124n2002 000 0 eng u |
| 020 ## - INTERNATIONAL STANDARD BOOK NUMBER | |
| International Standard Book Number | 1853395412 |
| 035 ## - SYSTEM CONTROL NUMBER | |
| System control number | (Sirsi) u128578 |
| 041 ## - LANGUAGE CODE | |
| Language code of text/sound track or separate title | eng |
| 050 ## - LIBRARY OF CONGRESS CALL NUMBER | |
| Classification number | 711.52 |
| -- | 18 |
| 100 ## - MAIN ENTRY--PERSONAL NAME | |
| Personal name | Romaya, Sam |
| 245 ## - TITLE STATEMENT | |
| Title | Building sustainable urban settlements |
| Remainder of title | approaches and case studies in the developing world |
| 260 ## - PUBLICATION, DISTRIBUTION, ETC. | |
| Place of publication, distribution, etc. | London |
| Name of publisher, distributor, etc. | ITDG Publishing |
| Date of publication, distribution, etc. | 2002 |
| 300 ## - PHYSICAL DESCRIPTION | |
| Extent | xix, 299p. |
| Other physical details | ill. |
| Dimensions | 24cm. |
| 350 ## - PRICE (NR) (BK AM CF MU VM SE) [OBSOLETE] | |
| Price | 13.95 |
| 490 ## - SERIES STATEMENT | |
| Series statement | ITDG Publishing Urban Management Series |
| 520 ## - SUMMARY, ETC. | |
| Summary, etc. | Brings together a collection of studies by an international group of contributors on the environmental, institutional, social and cultural aspects of sustainable urban settlements across Asia, Africa, the Middle East, and Central and South America. Draws on case studies of individual cities and countries. Covers urban environmental management in respect of economic activities and housing; the achievement of institutional, social and cultural sustainability and the management of urban development processes to reduce their environmental impacts, improve the built environments that are produced and sustain improved practices. References. |
| 590 ## - LOCAL NOTE (RLIN) | |
| Local note | NEW |
| 650 ## - SUBJECT ADDED ENTRY--TOPICAL TERM | |
| Topical term or geographic name entry element | URBAN |
| 650 ## - SUBJECT ADDED ENTRY--TOPICAL TERM | |
| Topical term or geographic name entry element | Environment |
| 9 (RLIN) | 6238 |
| 650 ## - SUBJECT ADDED ENTRY--TOPICAL TERM | |
| Topical term or geographic name entry element | HOUSING |
| 650 ## - SUBJECT ADDED ENTRY--TOPICAL TERM | |
| Topical term or geographic name entry element | Sustainability |
| 9 (RLIN) | 6271 |
| 650 ## - SUBJECT ADDED ENTRY--TOPICAL TERM | |
| Topical term or geographic name entry element | URBAN DEVELOPMENT |
| 650 ## - SUBJECT ADDED ENTRY--TOPICAL TERM | |
| Topical term or geographic name entry element | URBAN MANAGEMENT |
| 650 ## - SUBJECT ADDED ENTRY--TOPICAL TERM | |
| Topical term or geographic name entry element | ENVIRONMENTAL MANAGEMENT |
| 650 ## - SUBJECT ADDED ENTRY--TOPICAL TERM | |
| Topical term or geographic name entry element | URBAN PLANNING |
| 690 ## - LOCAL SUBJECT ADDED ENTRY--TOPICAL TERM (OCLC, RLIN) | |
| Topical term or geographic name as entry element | DEVELOPMENT-SUSTAINABLE |
| 700 ## - ADDED ENTRY--PERSONAL NAME | |
| Personal name | Romaya, S. |
| 700 ## - ADDED ENTRY--PERSONAL NAME | |
| Personal name | Rakodi, C. |
| 942 ## - ADDED ENTRY ELEMENTS (KOHA) | |
| Suppress in OPAC | 0 |
| Withdrawn status | Lost status | Source of classification or shelving scheme | Damaged status | Not for loan | Home library | Current library | Shelving location | Date acquired | Cost, normal purchase price | Total Checkouts | Full call number | Barcode | Date last seen | Date last checked out | Copy number | Cost, replacement price | Price effective from | Koha item type |
|---|---|---|---|---|---|---|---|---|---|---|---|---|---|---|---|---|---|---|
| Dewey Decimal Classification | London | London | Books | 28/02/2005 | 13.95 | 8 | 711.52 ROM | 30067455 | 06/08/2019 | 06/09/2006 | 1 | 13.95 | 06/08/2019 | Book |